000 00735nam a22002057a 4500
999 _c101745
_d101745
005 20181205144350.0
010 _aENG-115622
020 _a9789351437116
_c1895.00
035 _aEN-99154
037 _bDBAD/PUB
082 _a353.5409944
100 _aGupta,Apar
245 _aCommentary on information technology act :
_cby Apar Gupta ; revised by Akshay Sapre
_balong with rules, regulations, orders guidelines, reports and policy documents /
250 _a3rd ed
260 _aGurgaon
_bLexisNexis
_c2016
270 _a14th Floor, Building No.10, Tower-B, DLF Cyber City, Phase-II
_bGurgaon
_e122002
300 _axlii,669p.
_c25cm(Hb)
500 _aIncludes index
942 _2ddc
_cEN
_mGUP
_h343.5409944